000 01743nam a2200229Ia 4500
003 Ost
005 20260507075252.0
008 260507s9999||||xx |||||||||||||| ||und||
040 _cfsecg
041 _aara
082 _a330
100 _aالكساسبة، وصفي عبد الكريم
_eمؤلف
245 0 _aتحسين فاعلية الاداء المؤسسي من خلال تكنولوجيا المعلومات /
_c وصفي عبد الكريم الكساسبة
260 _aعمان:
_bدار اليازوري,
_c2011
300 _a336 صفحة؛
_bإيضاحات ؛
_c24 سم
504 _aمراجع ص.223 ؛جداول ص.337 ؛ اشكال ص.340
520 _aمفهوم تكنولوجيا المعلومات و العلاقة بينها وبين نظم المعلومات ، الاستثمار في تكنولوجيا المعلومات و العوامل التي أدت الى الاستثمار في IT استخدامات تكنولوجيا المعلومات و البنيت التحتية لها ، مداخل قياس الفاعلية في الاداء المؤسسي و التطرق الى كل من نموذج الاهداف ، الحصول على الموارد ، العمليات الداخلية ، أصحاب المصالح و نموذج القيم المتنافسة ، بطاقة التسجيل المتوازنة ، التعريف بمؤسسة المناطق الحرة و أنواعها و نشأة المناطق الحرة في الاردن ، أهدافها و الاعفاءات و التسهيلات التي توفرها .
653 _aالمؤسسات
653 _aتكنولوجيا المعلومات
653 _aنظم المعلومات- المؤسسة الممتدة
942 _cكتاب
999 _c43707
_d43707